Premio Academia Nacional de Ciencias Morales y Políticas
Guardado en:
| Autor Principal: | |
|---|---|
| Otros Autores: | |
| Formato: | Libro |
| Idioma: | Spanish |
| Publicado: |
Buenos Aires :
Academia nacional de ciencias morales y políticas,
2012
|
| Materias: | |
| Etiquetas: |
Agregar Etiqueta
Sin Etiquetas, Sea el primero en etiquetar este registro!
|
| LEADER | 00547nam a22001455a 4500 | ||
|---|---|---|---|
| 001 | DER.der015584 | ||
| 008 | 251210s2012####ag#||||||||||||||#||spa|| | ||
| 005 | 20260205134511.0 | ||
| 245 | 1 | 0 | |a Premio Academia Nacional de Ciencias Morales y Políticas |f 2012 / |c Academia Nacional de Ciencias Morales y Políticas. |
| 260 | |a Buenos Aires : |b Academia nacional de ciencias morales y políticas, |c 2012 | ||
| 300 | |a 168 p. | ||
| 100 | 1 | |a Echagüe, Patricio | |
| 700 | 1 | |a Larriera, Alejandro María | |
| 650 | 7 | |a CIENCIAS POLÍTICAS | |
| 859 | |a DERECHO |b BIB. DERECHO |i ACA |p 007425 | ||
